000 00741nam a22002177a 4500
005 20100814120116.0
010 _aENG-100227
020 _c40.00
035 _aEN-83759
037 _bDBAD/PUB
082 _a332.0973
100 _aThirupathi Raja,K.
_914204
245 _aFinancial market /
_cby K.Thirupathi Raja
260 _aMadurai
_bPavai Pathippagam
_c2006
270 _a37-A, North Avani Moola Street
_bMadurai
_e625001
300 _a57p.
_c20cm (pbk)
650 _aFinancial Institution
_914205
650 _aMoney Market
_914206
942 _2ddc
_cEN
_h332.0973
_mTHI
999 _c41838
_d41838